De Lege Ferenda Considerations on Potential Institutes Increasing Participation in Supplementary Pension Savings
Doplnkové dôchodkové sporenie (DDS) predstavuje jeden z výsledkov diverzifikácie dôchodkového systému na Slovensku. Pre väčšinu obyvateľstva, s výnimkou vybraných typov profesií, je účasť na doplnkovom dôchodkovom sporení dobrovoľná. S cieľom zabezpečiť a zlepšiť životnú úroveň jednotlivcov v poprod...
Guardado en:
| Autor principal: | |
|---|---|
| Otros Autores: | |
| Formato: | Capítulo de libro |
| Lenguaje: | inglés |
| Materias: | |
| Etiquetas: |
Sin Etiquetas, Sea el primero en etiquetar este registro!
|
MARC
| LEADER | 00000naa$a2200000$$$4500 | ||
|---|---|---|---|
| 001 | 0298392 | ||
| 005 | 20250128111513.4 | ||
| 041 | 0 | |a eng | |
| 044 | |a RO | ||
| 245 | 1 | 0 | |a De Lege Ferenda Considerations on Potential Institutes Increasing Participation in Supplementary Pension Savings |c Andrea Slezáková, Martin Višňovský |
| 520 | |a Doplnkové dôchodkové sporenie (DDS) predstavuje jeden z výsledkov diverzifikácie dôchodkového systému na Slovensku. Pre väčšinu obyvateľstva, s výnimkou vybraných typov profesií, je účasť na doplnkovom dôchodkovom sporení dobrovoľná. S cieľom zabezpečiť a zlepšiť životnú úroveň jednotlivcov v poproduktívnom veku sa zaviedli do právneho poriadku úpravy, ktoré by mali motivovať k účasti na doplnkovom dôchodkovom sporení, ako je možnosť dedenia hodnoty osobného účtu, daňové zvýhodnenie či príspevky zamestnávateľa. Príspevok obsahuje súbor návrhov a úvah autorov o tom, aké ďalšie možné mechanizmy by sa mali zaviesť, aby sa zvýšil záujem o sporenie v tzv. treťom pilieri na strane účastníka a na strane jeho zamestnávateľa. | ||
| 610 | 2 | 0 | |a dôchodky starobné |
| 610 | 2 | 0 | |a sporenie dôchodkové doplnkové |
| 610 | 2 | 0 | |a spoločnosti dôchodkové doplnkové |
| 610 | 2 | 0 | |a reformy dôchodkové |
| 610 | 2 | 0 | |a systémy dôchodkové |
| 610 | 2 | 0 | |a politika dôchodková |
| 610 | 2 | 0 | |a legislatíva |
| 610 | 2 | 0 | |a Slovensko |
| 100 | 1 | |a Slezáková, Andrea, 1980- | |
| 700 | 1 | |a Višňovský, Martin | |